| 000 | 00448nam a2200181Ia 4500 | ||
|---|---|---|---|
| 003 | OSt | ||
| 005 | 20251028124216.0 | ||
| 008 | 250729s1969 xx 000 0 und d | ||
| 040 | _cAL | ||
| 041 | _aeng | ||
| 082 | _a370.78 NCES | ||
| 100 |
_aPandey B N _9223500 |
||
| 245 | _aSecond national survey of secondary teacher education in India | ||
| 260 |
_aNew Delhi _c1969 |
||
| 300 | _a159p | ||
| 650 |
_aEducation _9223501 |
||
| 942 |
_2ddc _cBED |
||
| 999 |
_c235939 _d235939 |
||